Micro Perspective of Tourism and Hospitality (Record no. 88213)

MARC details
000 -LEADER
fixed length control field 00647nam a22002297a 4500
003 - CONTROL NUMBER IDENTIFIER
control field URS
005 - DATE AND TIME OF LATEST TRANSACTION
control field 20251022142527.0
008 - FIXED-LENGTH DATA ELEMENTS--GENERAL INFORMATION
fixed length control field 251006b ||||| |||| 00| 0 eng d
020 ## - INTERNATIONAL STANDARD BOOK NUMBER
International Standard Book Number 978-621-40-302-1
040 ## - CATALOGING SOURCE
Transcribing agency URS
050 ## - LIBRARY OF CONGRESS CALL NUMBER
Classification number G155
Item number .A1.D6119 2025
100 1# - MAIN ENTRY--PERSONAL NAME
Personal name Disimulacion, Maria Arlene T.
245 ## - TITLE STATEMENT
Title Micro Perspective of Tourism and Hospitality
264 ## - PRODUCTION, PUBLICATION, DISTRIBUTION, MANUFACTURE, AND COPYRIGHT NOTICE
Place of production, publication, distribution, manufacture Mandaluyong City
Name of producer, publisher, distributor, manufacturer Books Atbp. Publishing Corp.
Date of production, publication, distribution, manufacture, or copyright notice ©2025
300 ## - PHYSICAL DESCRIPTION
Extent 313 pages.,:
Dimensions 25 cm.
336 ## - CONTENT TYPE
Source rdacontent
Content type term text
337 ## - MEDIA TYPE
Source rdamedia
Media type term unmediated
338 ## - CARRIER TYPE
Source rdacarrier
Carrier type term volume
650 #0 - SUBJECT ADDED ENTRY--TOPICAL TERM
Topical term or geographic name entry element Tourism
650 #0 - SUBJECT ADDED ENTRY--TOPICAL TERM
Topical term or geographic name entry element Hospitality industry
942 ## - ADDED ENTRY ELEMENTS (KOHA)
Source of classification or shelving scheme Library of Congress Classification
Koha item type Filipiniana
Holdings
Withdrawn status Source of classification or shelving scheme Damaged status Not for loan Collection code Home library Current library Date acquired Total Checkouts Full call number Barcode Date last seen Copy number Price effective from Koha item type
  Library of Congress Classification     Non-fiction Morong College Library Morong College Library 10/06/2025   G155 .A1.D6119 2025 URSMOR-CL-30566 10/06/2025 1 10/06/2025 Filipiniana
  Library of Congress Classification     Non-fiction Morong College Library Morong College Library 10/06/2025   G155 .A1.D6119 2025 URSMOR-CL-30567 10/06/2025 2 10/06/2025 Filipiniana
  Library of Congress Classification     Non-fiction Morong College Library Morong College Library 10/06/2025   G155 .A1.D6119 2025 URSMOR-CL-30568 10/06/2025 3 10/06/2025 Filipiniana
  Library of Congress Classification     Non-fiction Morong College Library Morong College Library 10/06/2025   G155 .A1.D6119 2025 URSMOR-CL-30569 10/06/2025 4 10/06/2025 Filipiniana
  Library of Congress Classification     Non-fiction Morong College Library Morong College Library 10/06/2025   G155 .A1.D6119 2025 URSMOR-CL-30570 10/06/2025 5 10/06/2025 Filipiniana

University of Rizal System
Email us at univlibservices@urs.edu.ph

Visit our Website www.urs.edu.ph/library